000 00444nam a2200133Ia 4500
008 100328s9999 xx 000 0 und d
082 _b60480
100 _aगोखले माुसूदन.
245 _aउपेक्षित योगी.
260 _bनवसाहित्य बुक स्टॉल.
630 _aउपेक्षित योगी.
730 _aउपेक्षित योगी.
942 _cBOOK
999 _c546627
_d546624